000 00843nam a22002537a 4500
001 5607
003 FISKH
005 20241220101347.0
008 241220b cb ||||| |||| 00| 0 eng d
020 _a9780439013802
040 _aFISKH
_beng
_cFISKH
_dFISKH
050 _aPL1171.G655
082 _a320.941
100 _aDeary, Terry
245 _aPotty Politics /
_cBy Terry Deary : Illustrated by Tony Reeve
260 _aNew York :
_bScholastic ;
_c1999.
300 _a128 pages :
_billustrations ;
_c21 cm .
490 _aThe knowledge
520 _aExplains how Chinese writing developed and demonstrates how to write and pronounce a number of Chinese characters, using detailed instructions and examples.
650 _aThe Knowledge
_vNon-fiction
700 _aReeve, Tony
_eillustrator
942 _2ddc
_cBK
_n0
999 _c5607
_d5607